Entry Nombre personal
001 - NÚMERO DE CONTROL
- campo de control: 2540
003 - IDENTIFICADOR DEL NÚMERO DE CONTROL
- campo de control: BNPHU
005 - FECHA Y HORA DE LA ÚLTIMA TRANSACCIÓN
- campo de control: 20240319114520.0
008 - DATOS DE LONGITUD FIJA
- campo de control de longitud fija: 200615|| aca||aabn | a|a d
010 ## - NÚMERO DE CONTROL DE LA BIBLIOTECA DEL CONGRESO
- Número de control de LC: no 93023922
- Número de control de LC cancelado o no válido: n 93047458
040 ## - FUENTE DE LA CATALOGACIÓN
- Centro catalogador/agencia de origen: DO-SdBNP
- Lengua de catalogación: spa
- Centro/agencia transcriptor: BNPHU
- Normas de descripción: rda
100 1# - ENCABEZAMIENTO-NOMBRE DE PERSONA
- Nombre de persona: Tejeda, Darío
370 ## - LUGAR ASOCIADO
- Lugar de nacimiento: San José de Ocoa, República Dominicana.
372 ## - CAMPO DE ACTIVIDAD
- Campo de actividad: Miembro de la Secretaria Ejecutiva de la Comisión Presidencial para la Reforma y Modernización del Estado (1998-2000).
- Campo de actividad: Fue consultor del Programa de las Naciones Unidas para el Desarrollo y miembro de la Secretaria Ejecutiva de la Comisión Presidencial para la Reforma y Modernización del Estado (1998-2000).
- Campo de actividad: Es miembro de la Asociación de Periodistas Profesionales y de la Federación Latinoamericana de Periodistas (FELAP)
374 ## - OCUPACIÓN
- Ocupación: Profesor
- Ocupación: Periodista
- Ocupación: Investigador
375 ## - GÉNERO/SEXO
- Género/Sexo: Masculino
377 ## - LENGUA/LENGUAJE ASOCIADO
- Código del idioma: spa
- Término de lengua/lenguaje: Español
400 1# - TRAZADO DE VÉASE--NOMBRE DE PERSONA
- Nombre de persona: Tejada, Dario
670 ## - FUENTE DE DATOS ENCONTRADOS
- Cita de la fuente: Tejeda, Darío, La historia escondida de Juan Luis Guerra & Los 4-40 /, 1993.
670 ## - FUENTE DE DATOS ENCONTRADOS
- Cita de la fuente: Cruz, B. Más allá del primer año, 1987
670 ## - FUENTE DE DATOS ENCONTRADOS
- Cita de la fuente: Balance de una huelga, 1987
670 ## - FUENTE DE DATOS ENCONTRADOS
- Cita de la fuente: (Darío Tejeda, académico de República Dominicana, licenciado en Ciencias Políticas por la Universidad Autónoma de Santo Domingo; miembro de la Asociación de Periodistas Profesionales y de la Federación Latinoamericana de Periodistas)
- Identificador Uniforme del Recurso: https://www.ecured.cu/Dar%C3%ADo_Tejeda Consultado en 18/03/2024
